000 00562nam a2200193Ia 4500
001 15062
003 GE_BSU
008 181216s||||||||xx |||||||||||||| ||und||
040 _cGE_BSU
080 _a512(076)
100 _aВарпаховский, Ф.Л; Содовников,А.С.
245 _aЗадачник-практикум по алгебре. ч.1
260 _aМосква
260 _bПросвещение.
260 _c1982
300 _a77стр.22см.
653 _aЗадачник-практикум по алгебре
942 _cBK
999 _c48180
_d48180